| 000 | 00727nam a2200277 a 4500 | ||
|---|---|---|---|
| 003 | AR-BaBNM | ||
| 005 | 20251128205916.0 | ||
| 008 | 082120s2002 ||||||||||||||000 | spa|| | ||
| 020 | _a950-665-009-8 | ||
| 040 | _cAR-BaBNM | ||
| 100 | 1 | _aBustamante, Joaquín T. | |
| 245 | 0 | 0 |
_aJeromos y gonzalos _bel cordobazo |
| 250 | _a1ª ed. | ||
| 260 |
_aRío Cuarto _bUniversidad Nacional de Río Cuarto _c1993 |
||
| 300 | _a218 p. | ||
| 650 | 4 | _aLITERATURA ARGENTINA | |
| 650 | 4 | _aHISTORIA ARGENTINA | |
| 650 | 4 | _aREVOLUCION DE 1966 | |
| 650 | 4 | _aCORDOBAZO | |
| 650 | 4 | _aCIENCIAS POLITICAS | |
| 650 | 4 | _aHISTORIA POLITICA | |
| 650 | 4 | _aHISTORIA ECONOMICA | |
| 655 | _aLITERATURA | ||
| 942 | _cBK | ||
| 998 | _cMariana | ||
| 999 |
_c13255 _d13255 |
||